00230nam a2200097Ia 4500008004100000082001500041100002100056245002500077260001800102600001200120241002s9999 xx 000 0 und d a953.02 CAR aCarmichael, Joel 4aThe Shoping of Arabs aLondon:c1967 aHistory